Регионална библиотека "Любен Каравелов" - Русе

Двете сестри или Изкуството да обичаш (Запис номер 62384)

MARC детайли
000 -Лидер
Контролно поле с фиксирана дължина 01462nam a2200337 c 4500
003 - Код на организацията, давaща контролен номер
Контролно поле BLK
005 - Дата и час на последна редакция
Контролно поле 20190320123022.0
008 - Елементи от данни с фиксирана дължина
fixed length control field 180408b bul|||||r ||||||| ||bul||
010 ## - Наследен системен номер
LC control number KNG00066608000
020 ## - Международен стандартен номер на книга ISBN
Международен стандартен номер на книга ISBN 954-26-0402-5
-- издат.: Хермес
040 ## - Източник на каталожния запис
Идентификатор на билиотеката - собственик на записа BLK
041 ## - Код за език
Код за езика на текст/звукозапис или на отделно заглавие Български
Код за езика КДБФ Български
080 ## - УДК
Текстов определител УДК Френска литература
УДК код - определител по УДК 821.133.1
УДК определител -31
УДК - код + определител 821.133.1-31
080 ## - УДК
Текстов определител УДК Руска литература
УДК код - определител по УДК 821.161.1
УДК определител -054.7-31
УДК - код + определител 821.161.1-054.7-31
100 1# - Редна дума - Автор
Автор Фьодоровски, Владимир
Авторска отговорност първи автор
R(LIN) 290744
139 ## - Редно поле
Редна дума Федоровски, Владимир
Авторски знак Федо - Ф 32
245 10 - Сведения за заглавието
Заглавие Двете сестри или Изкуството да обичаш
Подзаглавни данни Роман
Редно поле (дума) Владимир Фьодоровски; прев. от фр. Венелина Станева; * Владимир Федоровски.
257 ## - Страна на издаване
Страна на създаване/издаване Франция
260 ## - Област на издателските данни
-- Пловдив
Име на издателя, разпространителя и проч. Хермес
Година на издаване 2006
Печатница Хасково : Полиграфюг
300 ## - Физическа характеристика
Страници 272 с.
Размери/Мащаб 20 см
380 ## - Жанр
Жанр Худож. лит.
500 ## - Общи забележки
Забележка Ориг. загл. Les deux sceurs / Vladimir Fedorovski. - Офс. изд.
653 ## - Ключова дума – ненормативна
Ключова дума романи
700 1# - Други автори (авторска отговорност)
Лично име Станева, Венелина
Автороска отговорност (Описва отношението между автора и произведението) прев. от фр.
9 (RLIN) 290745
700 1# - Други автори (авторска отговорност)
Лично име Федоровски, Владимир
Автороска отговорност (Описва отношението между автора и произведението) *
9 (RLIN) 133564
852 ## - Местоположение
Форматна сигнатура Цб 228215
856 4# - Електронен адрес и достъп
Електронен формат pdf - файл
Път до файла /url/
856 4# - Електронен адрес и достъп
Електронен формат pdf - файл
Път до файла /url/
942 ## - АРТИКУЛИ
Вид на библиотечния материал Книги
Скрит в OPAC Не
Koha issues (borrowed), all copies 1
944 ## - СЪЗДАВАНЕ И РЕДАКЦИЯ на ЗАПИСА
Създаване/Редакция Създаване
Дата на регистрацията/редакция 22.06.2006
Статус, дата на статуса ф /
Служител, извършил регистрацията/редакцията Людмила_Стоянова
944 ## - СЪЗДАВАНЕ И РЕДАКЦИЯ на ЗАПИСА
Създаване/Редакция Редакция
Дата на регистрацията/редакция 18.07.2017
Статус, дата на статуса ф /
Служител, извършил регистрацията/редакцията Людмила_Стоянова
999 ## - СИСТЕМНИ КОНТРОЛНИ НОМЕРА
Koha biblionumber 62384
Koha biblioitemnumber 62384
Наличности
Код за отписване Код за изгубен артикул Код за повреда Коз за рестрикции Код за отдаване Артикулен № Име на библиотеката - собственик Име на библиотеката, в която се намира в момента Статус (Текущо местоположение) Дата на вписване в системата Местоположение - отдел Цена в лева Инвентарен номер Систематично азбучна сигнатура Баркод Номер на екземпляра Цена в евро Служебна бележка Служебен тип на артикула
  Не е изгубен Не е повреден без рестрикции заемане за дома 103647 Регионална библиотека "Любен Каравелов" Русе Регионална библиотека "Любен Каравелов" Русе Заемна - подръчен фонд 2006-06-22 Заемна - подръчен фонд 8.95 120000703292 П 840-31/Ф 98 120000703292 1 4.58 Дост: Pk Вид: Ф N: 10 Дата: 22.06.2006 Дата инв: 12.02.2018 Бележки инв: П2018 Книги
  Не е изгубен Не е повреден без рестрикции ползва се в читалня 103648 Регионална библиотека "Любен Каравелов" Русе Регионална библиотека "Любен Каравелов" Русе Хранилище 2007-04-18 Хранилище 8.95 120000712464 Цб 228215 120000712464 2 4.58 Дост: Dp Вид: Д N: 40 Дата: 06.09.2006 Книги
  Не е изгубен Не е повреден без рестрикции заемане за дома 103649 Регионална библиотека "Любен Каравелов" Русе Регионална библиотека "Любен Каравелов" Русе Заемна - подръчен фонд 2008-04-29 Заемна - подръчен фонд 8.95 120000726011 П 840-31/Ф 98 120000726011 3 4.58 Дост: DA Вид: А N: 9 Дата: 29.04.2008 Дата инв: 12.02.2018 Бележки инв: П2018 Книги
Vip Innovations Ltd, Rousse, Bulgaria 2025